000 00402 a2200157 4500
001 180841
020 _a
040 _cMagnum
100 _aMira, Joao Manoel Lima
240 1 0 _aA evangelizacao do negro no periodo colonial brasileiro
_lpor
245 1 0 _aA evangelizacao do negro no periodo colonial brasileiro
362 0 _a1899
440 1 _aLoyola
697 _aMAGNITO: RELIGIAO
942 _cBK
999 _c180841
_d180841